• 首页
  • 本馆介绍
  • 公告通知
  • 最新文献
  • 馆藏检索
  • 电子资源
  • 读者导购
  • 参考咨询
  • 我的图书馆
  • 登录
  • 详细信息显示
  • 放入我的书架
  • 预约/预借图书
  • 作者相关作品
  • 分类相关作品
  • 丛书相关作品
  • 出版社相关作品

书目信息

  • 表格格式
  • 工作单格式
  • 卡片格式
题名:
煤化工过程中的污染与控制
    
 
作者: 高晋生 , 鲁军 , 王杰 编著
分册:  
出版信息: 北京   化学工业出版社  2010.8
页数: 320页
开本: 24cm
丛书名: 现代煤化工技术丛书
单 册:
中图分类: X784
科图分类:
主题词: 煤化工--污染控制 , 煤化工 , 污染控制
电子资源:
ISBN: 978-7-122-07808-7
000 01302oam2 2200313 45
001 1360086359
005 20130530155451.25
010    @a978-7-122-07808-7@b精装@dCNY68.00
100    @a20130513d2010 em y0chiy50 ea
101 0  @achi
102    @aCN@b110000
105    @ay z 000yy
106    @ar
200 1  @a煤化工过程中的污染与控制@AMei Hua Gong Guo Cheng Zhong De Wu Ran Yu Kong Zhi@f高晋生,鲁军,王杰编著@FGao Jin Sheng, Lu Jun, Wang Jie Bian Zhu
210    @a北京@c化学工业出版社@d2010.8
215    @a320页@d24cm
225 2  @a现代煤化工技术丛书
300    @a“十一五”国家重点图书
330    @a本书分4章,第1章为煤炭与环境,介绍煤炭对环境的影响、有关法规和对策;第2章为煤化工过程中有害元素的迁移与控制,涉及的有害元素有硫、氮及主要微量元素,如汞、砷、氟、氯等;第3章为煤化工过程中主要污染物的净化技术,包括重污染废水处理,废气(烟气)除尘、脱硫、脱硝、脱氯和脱重金属等;第4章为煤化工过程中CO2的减排、储存与利用技术。
461  0 @12001 @a现代煤化工技术丛书
606 0  @a煤化工@x污染控制
606 0  @a煤化工
606 0  @a污染控制
690    @aX784@v5
701  0 @a高晋生@AGao Jin Sheng@f(1939~)@4编著
701  0 @a鲁军@ALu Jun@g(环境工程)@4编著
701  0 @a王杰@AWang Jie@g(化学,@f1961~)@4编著
801    @aCN@bTANGWEI@c20130522
905    @b0833948-51@dX784@e176@f4
    
    煤化工过程中的污染与控制/高晋生,鲁军,王杰编著.-北京:化学工业出版社,2010.8
    320页;24cm.-(现代煤化工技术丛书)
    “十一五”国家重点图书
    
    ISBN 978-7-122-07808-7(精装):CNY68.00
    本书分4章,第1章为煤炭与环境,介绍煤炭对环境的影响、有关法规和对策;第2章为煤化工过程中有害元素的迁移与控制,涉及的有害元素有硫、氮及主要微量元素,如汞、砷、氟、氯等;第3章为煤化工过程中主要污染物的净化技术,包括重污染废水处理,废气(烟气)除尘、脱硫、脱硝、脱氯和脱重金属等;第4章为煤化工过程中CO2的减排、储存与利用技术。
●
相关链接 在E读中查询图书 在五车中查询图书 在当当中查询图书 在豆瓣中查询图书


正题名:煤化工过程中的污染与控制     索取号:X784/176         预约/预借

序号 登录号 条形码 馆藏地/架位号 状态 备注
1 0833948   208339485   第二样本阅览室/ [索取号:X784/176] 在馆    
2 0833949   208339494   第三借阅区/ [索取号:X784/176] 在馆    
3 0833950   208339500   第三借阅区/ [索取号:X784/176] 在馆    
4 0833951   208339519   密集书库-化学系/ [索取号:X784/176] 在馆    
唐山师范学院图书馆 欢迎您!
大连网信软件有限公司© 版权所有